| 000 | 02069nam a2200313 a 4500 | ||
|---|---|---|---|
| 001 | 79141 | ||
| 003 | BD-RjUL | ||
| 005 | 20220109150042.0 | ||
| 008 | 220107s2003 le 000 0 ara d | ||
| 035 | _a(BD-RjUL)79141 | ||
| 040 |
_aBIC _beng _cBD-RjUL |
||
| 041 | _aara | ||
| 082 |
_a305.697046092 _bIBK 2003 _223 |
||
| 100 | 1 |
_aابن بشكوال، أبو القاسم خلف بن عبدالملك بن سعود الأندلسي، _d494-578 هجري[1101-1183 م.] _9605 |
|
| 245 | 1 | 0 |
_a كتاب الصلة في تاريخ أئمة الأندلس وعلمائهم ومحدثيهم وفقهائهم وأدبائهم ;; kitab alsilat fi tarikh 'ayimat al'andalus waeulamayihim wamuhdithihim wafuqahayihim wa'udabayihim / _cأبي القاسم خلف بن عبدالملك بن بشكوال ؛ قدم له وضبطه وشرحه ووضع فهارسه صلاح الدين الهواري.;; 'abi alqasim khalf bn eabdalmalik bin bishkwal ; qadam lah wadabtah washarhah wawadae faharisah salah aldiyn alhawari. |
| 246 | 3 | 3 | _akitab alsilat fi tarikh eulama' al'andalus dhayl kitab tarikh abn alfardii ;; كتاب الصلة في تاريخ علماء الأندلس ذيل كتاب تاريخ ابن الفرضي |
| 250 | _aط. 1 | ||
| 260 |
_aبيروت : _bالمكتبة العصرية, ;; almaktabat aleasriatu, _c1423 هجري[2003]. |
||
| 300 |
_av. ; _c24 سم. |
||
| 500 | _aيشمل فهرس الاعلام | ||
| 500 | _aيوجد طبعات مختلفة في المكتبة | ||
| 504 | _aببليوغرافية: ص. 595-598 | ||
| 505 | _aVol. 1.-- | ||
| 600 | 1 | 7 |
_aابن بشكوال، أبو القاسم خلف بن عبدالملك بن سعود الاندلسي،;; Ibn Bashkwal, Abu al-Qasim Khalaf bin Abd al-Malik bin Saud al-Andalusi, _d494-578 هجري[1101-1183 م.] _9606 |
| 650 |
_aMuslims -- Spain -- Biography -- Early works to 1800. _9607 |
||
| 650 |
_aArabs -- Spain -- Biography -- Early works to 1800. _9608 |
||
| 700 | 1 |
_aalhawary, salah aldiyn ;; الهواري، صلاح الدين _eمحقق _9609 |
|
| 942 |
_2ddc _cBK |
||
| 999 |
_c79141 _d79141 |
||